Statistics for Legendary Rush (Clash Royale)

Click here to take the quiz!

General Stats

  • This quiz has been taken 36 times
  • The average score is 8 of 18

Answer Stats

Legendary Cards:% Correct
Electro Wizard
70%
Ice Wizard
65%
Mega Knight
61%
Sparky
61%
The Log
61%
Inferno Dragon
52%
Princess
52%
Lumberjack
43%
Miner
43%
Bandit
39%
Night Witch
35%
Ram Rider
35%
Mother Witch
30%
Fisherman
26%
Lava Hound
26%
Magic Archer
26%
Royal Ghost
22%
Graveyard
17%

Score Distribution

Percentile by Number Answered

Percent of People with Each Score

Your Score History

You have not taken this quiz